Statistics for Way Down We Go - KALEO - All Lyrics

Click here to take the quiz!

General Stats

  • This quiz has been taken 30 times
  • The average score is 142 of 179

Answer Stats

Answer% Correct
Do
100%
do
100%
down
100%
down,
100%
go,
100%
go
100%
way
100%
Way
100%
we
100%
oh
96%
Oh,
96%
Oh
96%
ooh
96%
Uhh-uhh
96%
uhh-uhh
96%
Whoa,
96%
And
84%
and
84%
me,
84%
tell
80%
the
76%
Father,
72%
no
72%
no,
72%
Yeah
72%
yeah
72%
Yeah,
72%
you
72%
get
68%
what
68%
deserve
64%
deserve?
64%
'til
64%
to
64%
all
60%
run
60%
they
60%
your
60%
'cause
56%
let
56%
will
56%
as
52%
can't
52%
fall
52%
fall,
52%
in
52%
look
52%
right
52%
Say
52%
come
48%
eyes?
48%
more
48%
my
48%
'til
48%
dare
44%
feet
44%
crawl
40%
Him
40%
Time
40%
for
36%
has
36%
wild
36%
baby,
32%
Baby,
32%
but
32%
Yes,
32%
dark
24%

Score Distribution

Percentile by Number Answered

Percent of People with Each Score

Your Score History

You have not taken this quiz